THE WATCH COMMANDER : ( VIDEO RECORDING ) : (Record no. 16580)
[ view plain ]
| 000 -الفاتح | |
|---|---|
| حقل البيانات ثابتة الطول | 00579nam a2200193Ia 4500 |
| 008 - عناصر البيانات ثابتة الطول - معلومات عامة | |
| حقل البيانات ثابتة الطول | 140319s9999 xx 000 0 eng d |
| 040 ## - مصدر الفهرسة | |
| وكالة الفهرسة الأصلية | GCL / |
| وكالة النسخ | GCL |
| 082 04 - رقم تصنيف ديوى العشرى | |
| رقم التصنيف | VC |
| رقم المادة | 791.43 |
| -- | W P |
| 100 1# - المدخل الرئيسى - إسم شخصى | |
| الإسم الشخصى | NELSON, GARY |
| 245 10 - بيان العنوان | |
| العنوان | THE WATCH COMMANDER : ( VIDEO RECORDING ) : |
| بقية العنوان | الحارس الجبـــار / |
| بيان المسئوليه,etc | NELSON, GARY |
| 700 1# - المدخل الاضافى - اسم شخصى | |
| الإسم الشخصى | WARDEN, JACK |
| 300 ## - الوصف المادى | |
| التعداد | 1\2 INCH: |
| تفاصيل ماديه اخرى للوعاء | COLOUR ؛ |
| أبعاد الوعاء | 1 FILM ( 135 MIN ) |
| 650 04 - المدخل الاضافى بالموضوع-مصطلح موضوعى | |
| مصطلح موضوعي | MOTION PICTURES |
| 650 04 - المدخل الاضافى بالموضوع-مصطلح موضوعى | |
| مصطلح موضوعي | VIDEO TAPES |
| 650 04 - المدخل الاضافى بالموضوع-مصطلح موضوعى | |
| مصطلح موضوعي | ACTION FILMS |
| 942 ## - عناصر المدخل الإضافي( كوها) | |
| مصدر التصنيف او مخطط الترفيف | Dewey Decimal Classification |
| Koha [default] item type | المواد السمعية والبصرية |
| 260 ## - PUBLICATION, DISTRIBUTION, ETC. (IMPRINT) | |
| -- | [S.N] : |
| -- | COLUMBIA TRISTAR HOME VIDEO |
| حالة التراجع | حالة الفقد | حالة تلف | ليس للاعارة | المكان المؤقت | الموقع الحالى | تاريخ الاكتساب | اجمالي اﻻعارات | رقم الطلب | الباركود | تاريخ اخر مشاهدة | تاريخ تفعيل السعر | نوع وعاء كوها |
|---|---|---|---|---|---|---|---|---|---|---|---|---|
| مكتبة القاهرة الكبرى | مكتبة القاهرة الكبرى | 03/26/2014 | VC\791.43\W P | 30071 | 03/26/2014 | 03/26/2014 | المواد السمعية والبصرية | |||||
| مكتبة القاهرة الكبرى | مكتبة القاهرة الكبرى | 03/26/2014 | VC\791.43\W P | 30072 | 03/26/2014 | 03/26/2014 | المواد السمعية والبصرية |

